00453nam a2200145Ia 4500008004100000041000800041082002000049100001400069245002500083260002800108300001600136365001100152999001700163952012700180240624s9999 xx 000 0 und d aeng a338.5024658 SIN aSINGH S P aMANAGERIAL ECONOMICS c2010aDelhibA.I.T.B.S. axiii, : 226 cRSb30 c25499d25499 00104070aIMTNbIMTNcRack 10-Bd2015-11-19eVBCg150.00o338.5024658 SINp25499r2024-06-24 00:00:00t1w2024-06-24yBK